Welcome to the Holygrace Academy Library

Please use search bar below to get started

95 ENGLISH ESSAYS (Record no. 3627)

MARC details
000 -LEADER
fixed length control field 00266nam a22001217a 4500
082 ## - DEWEY DECIMAL CLASSIFICATION NUMBER
Classification number 824
Item number CHH/N
100 ## - MAIN ENTRY--AUTHOR NAME
Personal name CHHIBBER,V.N
245 ## - TITLE STATEMENT
Title 95 ENGLISH ESSAYS
260 ## - PUBLICATION, DISTRIBUTION, ETC. (IMPRINT)
Place of publication NEW DELHI
Name of publisher CHOICE INTERNATIONAL
Year of publication 2003
300 ## - PHYSICAL DESCRIPTION
Number of Pages 200
650 ## - SUBJECT ADDED ENTRY--TOPICAL TERM
Topical Term ESSAYS
Geographic subdivision INDIA
942 ## - ADDED ENTRY ELEMENTS (KOHA)
Koha item type Books
Holdings
Withdrawn status Lost status Collection code Home library Current library Shelving location Date acquired Source of acquisition Cost, normal purchase price Full call number Accession Number Koha item type
    Reference Main Library Main Library SHELF-16B -ENGLISH SPEECHES,ESSAYS,QUOTES 19/05/2011 PURCHASE 70.00 824 CHH/N 03412 Books